| 000 | 00392nam a2200181Ia 4500 | ||
|---|---|---|---|
| 001 | 15228 | ||
| 005 | 20260306165012.0 | ||
| 008 | 260306t1999||||xx |||||||||||||| ||spa|| | ||
| 041 | _aESP | ||
| 082 |
_a530.4 _bH439 |
||
| 100 |
_aHewitt, Paul G. _eAUT |
||
| 245 | 0 | _aFĂsica conceptual | |
| 260 | _c1999 | ||
| 300 |
_a _c |
||
| 650 | _aGEN | ||
| 654 | _aCCN | ||
| 942 |
_cLIB _dJUS _fJUS _2ddc _n |
||
| 999 |
_c15228 _d15228 |
||